Star constellations - Statistics

General Stats
  • This quiz has been taken 40 times
  • The average score is 59 of 88
Answer Stats
Nr Answer % Correct
12 Cancer
100%
3 Apus
75%
4 Aquarius
75%
5 Aquila
75%
6 Ara
75%
7 Aries
75%
9 Boötes
75%
14 Canis Major
75%
15 Canis Minor
75%
16 Capricornus
75%
17 Carina
75%
19 Centaurus
75%
22 Chamaeleon
75%
23 Circinus
75%
24 Columba
75%
26 Corona Australis
75%
27 Corona Borealis
75%
28 Corvus
75%
29 Crater
75%
30 Crux
75%
31 Cygnus
75%
32 Delphinus
75%
36 Eridanus
75%
38 Gemini
75%
39 Grus
75%
41 Horologium
75%
42 Hydra
75%
43 Hydrus
75%
44 Indus
75%
46 Leo
75%
48 Lepus
75%
49 Libra
75%
50 Lupus
75%
53 Mensa
75%
54 Microscopium
75%
55 Monoceros
75%
56 Musca
75%
57 Norma
75%
58 Octans
75%
59 Ophiuchus
75%
60 Orion
75%
61 Pavo
75%
64 Phoenix
75%
65 Pictor
75%
68 Puppis
75%
71 Sagitta
75%
72 Sagittarius
75%
73 Scorpius
75%
76 Serpens
75%
78 Taurus
75%
79 Telescopium
75%
80 Triangulum
75%
81 Triangulum Australe
75%
83 Ursa Major
75%
84 Ursa Minor
75%
85 Vela
75%
87 Volans
75%
88 Vulpecula
75%
1 Andromeda
50%
2 Antlia
50%
8 Auriga
50%
10 Caelum
50%
11 Camelopardalis
50%
13 Canes Venatici
50%
18 Cassiopeia
50%
20 Cepheus
50%
21 Cetus
50%
25 Coma Berenices
50%
33 Dorado
50%
34 Draco
50%
35 Equuleus
50%
37 Fornax
50%
45 Lacerta
50%
47 Leo Minor
50%
51 Lynx
50%
52 Lyra
50%
62 Pegasus
50%
63 Perseus
50%
66 Pisces
50%
67 Piscis Austrinus
50%
69 Pyxis
50%
70 Reticulum
50%
74 Sculptor
50%
75 Scutum
50%
77 Sextans
50%
82 Tucana
50%
86 Virgo
50%
40 Hercules
25%
No matching quizzes found
Score Distribution
Percent of People with Each Score
Percentile by Number Answered
Your Score History
You have not taken this quiz